| Поле | Инд. | ПП | Название | Значение |
|---|---|---|---|---|
| Тип записи | a | |||
| Библиографический уровень | b | |||
| 001 | Контрольный номер | RU/IS/BASE/117047157 | ||
| 005 | Дата корректировки | 20200608194417.5 | ||
| 084 | a | Индекс другой классификации/Индекс ББК | 88.93; 88.561-8 | |
| 100 | 1_ | a | Автор | Пронин И. П. |
| q | Полное имя | Пронин Иван Петрович | ||
| 245 | a | Заглавие | Изучение и нейтрализация психологических механизмов вовлечения личности в деструктивные культовые группы | |
| 504 | a | Библиография | Лит. в конце статьи. - Примеч. | |
| 520 | a | Аннотация | О проблеме деструктивного влияния на личность со стороны некоторых псевдорелигиозных новообразований, практикующих деструктивные культы. Автор статьи проводит "пилотажное исследование психологических механизмов удержания личности в деструктивных культах, т.е. в группах и организациях, использующих неэтичные техники манипулирования для вербовки и удержания своих членов, осуществляющие тотальный контроль мыслей, чувств и поведения своих приверженцев с целью удовлетворения интересов лидеров и самодавлеющей группы... Задача автора состоит в имперической проверке имеющихся сведений о наличии, сущности и разновидностях психологических механизмов контроля сознания в деструктивных культах..." | |
| 650 | a | Основная рубрика | организационная психология | |
| a | Основная рубрика | практическая психология (прикладная психология) | ||
| a | Основная рубрика | психокоррекция | ||
| a | Основная рубрика | психология | ||
| a | Основная рубрика | психология управления | ||
| a | Основная рубрика | социальная психология | ||
| 653 | a | Ключевые слова | властные отношения | |
| a | Ключевые слова | деструктивные религиозные организации | ||
| a | Ключевые слова | деструктивный культ | ||
| a | Ключевые слова | жертвы деструктивных культов | ||
| a | Ключевые слова | контроль сознания | ||
| a | Ключевые слова | коррекционно-реабилитационная работа | ||
| a | Ключевые слова | культовая зависимость | ||
| a | Ключевые слова | культовые организации | ||
| a | Ключевые слова | организационные отношения | ||
| a | Ключевые слова | пилотажное исследование | ||
| a | Ключевые слова | псевдорелигиозные организации | ||
| a | Ключевые слова | психологический контроль | ||
| a | Ключевые слова | психологическое насилие | ||
| a | Ключевые слова | психосоциальная коррекция | ||
| 773 | t | Заглавие источника | Вестник психосоциальной и коррекционно-реабилитационной работы | |
| d | Дата издания источника | 2003 | ||
| g | Прочая информация | № 1. - С. 26 - 45 | ||
| w | Контрольный № источника | RU/IS/BASE/102006268 | ||
| 901 | t | Тип документа | b |